[Event "Challenge"]
[Site "http://www.queenalice.com/game.php?id=563266"]
[Date "2009.3.28"]
[Round "-"]
[White "Pimenta"]
[Black "AlmeidaChess"]
[Result "1-0"]
[WhiteElo "1693"]
[BlackElo "1688"]

1. d4 Nf6 2. c4 e6 3. Nc3 d5 4. Nf3 Bb4 5. Qc2 Nbd7 6. Bd2 O-O 7. e3 b6 8. Be2
Bb7 9. O-O c5 10. Rac1 Rc8 11. Rfd1 Qe7 12. e4 Bxc3 13. Bxc3 Nxe4 14. Bd3 Ndf6
15. dxc5 Nxc3 16. Qxc3 Qxc5 17. h3 d4 18. Nxd4 Rfd8 19. Nf3 Bxf3 20. gxf3 Qh5
21. Kh2 b5 22. Rg1 Nd5 23. Qxg7# 1-0

[Event "Challenge"]
[Site "http://www.queenalice.com/game.php?id=563298"]
[Date "2009.3.28"]
[Round "-"]
[White "Pimenta"]
[Black "conan"]
[Result "1-0"]
[WhiteElo "1680"]
[BlackElo "1603"]

1. d4 d5 2. c4 dxc4 3. Nc3 c6 4. e4 e6 5. Nf3 f6 6. Bxc4 b5 7. Bb3 g5 8. O-O Bh6
9. e5 f5 10. Nxg5 Bxg5 11. Qh5+ Kd7 12. Bxg5 Ne7 13. Qf7 Qf8 14. Qxe6+ Ke8 15.
Qd6 h6 16. Bf6 Rh7 17. d5 Ba6 18. Rfd1 Nd7 19. dxc6 Nxf6 20. exf6 Ng6 21. Re1+
Ne7 22. Qd7# 1-0

[Event "Challenge"]
[Site "http://www.queenalice.com/game.php?id=564118"]
[Date "2009.3.30"]
[Round "-"]
[White "furmigaotora"]
[Black "Pimenta"]
[Result "1-0"]
[WhiteElo "1693"]
[BlackElo "1749"]

1. e4 Nf6 2. Nc3 d6 3. Nf3 Nc6 4. Bc4 e6 5. d4 Be7 6. O-O O-O 7. Qd3 Nb4 8. Qe2
d5 9. exd5 exd5 10. Bd3 Re8 11. a3 Bd6 12. Ne5 Nxd3 13. Qxd3 Bxe5 14. dxe5 Ng4
15. f4 Qh4 16. h3 Nh6 17. Nxd5 Rd8 18. Nf6+ 1-0

[Event "AUTO-ADV-1276"]
[Site "http://www.queenalice.com/game.php?id=565964"]
[Date "2009.4.3"]
[Round "1"]
[White "Pimenta"]
[Black "DORLISS"]
[Result "0-1"]
[WhiteElo "1718"]
[BlackElo "1885"]

1. Nf3 Nc6 2. d4 d5 3. e3 Nf6 4. c4 g6 5. Nc3 Bg7 6. Qc2 O-O 7. Be2 Bf5 8. Bd3
Bxd3 9. Qxd3 Nb4 10. Qd1 dxc4 11. O-O e6 12. Qa4 a5 13. a3 Nbd5 14. Qxc4 b6 15.
Re1 Rc8 16. b4 c5 17. Nxd5 cxd4 18. Nxf6+ Bxf6 19. Qd3 Rc3 20. Qd2 dxe3 21. Qe2
exf2+ 22. Qxf2 Rxf3 23. Qxf3 Bxa1 24. Bh6 Bd4+ 25. Kh1 Bg7 26. Rd1 Qf6 27. Qxf6
Bxf6 28. Bxf8 Kxf8 29. Rd7 axb4 30. axb4 Ke8 31. Rb7 Bd4 32. g4 e5 33. Kg2 h6
34. Kf3 f5 35. h3 e4+ 36. Ke2 f4 37. Rb8+ Kd7 38. Rf8 f3+ 39. Rxf3 exf3+ 40.
Kxf3 Kc6 0-1

[Event "AUTO-ADV-1276"]
[Site "http://www.queenalice.com/game.php?id=565965"]
[Date "2009.4.3"]
[Round "1"]
[White "DORLISS"]
[Black "Pimenta"]
[Result "1-0"]
[WhiteElo "1869"]
[BlackElo "1709"]

1. e4 Nf6 2. e5 Nd5 3. c4 Nb6 4. d4 d6 5. Nf3 Bg4 6. Nbd2 Nc6 7. Qb3 dxe5 8. d5
Nd4 9. Nxd4 exd4 10. Bd3 e6 11. dxe6 Bxe6 12. O-O Bd6 13. Qc2 Qe7 14. Re1 O-O-O
15. Ne4 f5 16. Bg5 Qd7 17. Bxd8 fxe4 18. Rxe4 Rxd8 19. Rae1 Bf7 20. Re7 Bxe7 21.
Bf5 Nxc4 22. Bxd7+ Rxd7 23. Qf5 Bg6 24. Qb5 Nb6 25. a4 d3 26. a5 d2 27. Rd1 Bc2
28. Rxd2 Rxd2 29. f3 Nd7 30. a6 b6 31. Qc6 Bc5+ 32. Kf1 Bd3+ 33. Ke1 Rxb2 34.
Qa8+ Nb8 35. Qb7+ Kd7 36. Qd5+ Kc8 37. Qxd3 Rxg2 38. Qf5+ Nd7 39. Qd5 Nf6 40.
Qb7+ Kd7 41. Qxa7 Rxh2 42. Qb7 Ra2 43. a7 h5 44. a8=Q Rxa8 45. Qxa8 h4 46. Qh8
g5 47. Qxf6 Be7 48. Qf7 c5 49. Qd5+ Ke8 50. Qc6+ Kf7 51. Qxb6 Kf8 52. Qc6 Kf7
53. Kf1 Kf8 54. Kg2 Kf7 55. Kh3 c4 56. Qd5+ Ke8 57. Qxc4 Kd7 58. Kg4 1-0

[Event "AUTO-ADV-1276"]
[Site "http://www.queenalice.com/game.php?id=565966"]
[Date "2009.4.3"]
[Round "1"]
[White "Pimenta"]
[Black "MsDayton"]
[Result "1-0"]
[WhiteElo "1699"]
[BlackElo "1881"]

1. d4 d5 2. c4 c6 3. Nc3 g6 4. Nf3 Bg7 5. e4 dxe4 6. Nxe4 e6 7. Be2 Ne7 8. O-O
O-O 9. Re1 Nf5 10. Qd3 Nxd4 11. Nxd4 Qxd4 12. Qxd4 Bxd4 13. Rd1 Bg7 14. Rb1 Nd7
15. b3 Nb6 16. Bb2 e5 17. Bf3 Bf5 18. Rd2 a5 19. Rbd1 a4 20. Nd6 Be6 21. Nxb7
axb3 22. axb3 Rab8 23. Nc5 Bf5 24. Ba3 Rbc8 25. Ne4 Bxe4 26. Bxe4 c5 27. Rd6 f5
28. Bb7 Nxc4 29. bxc4 Rc7 30. Bd5+ Kh8 31. Rb1 h5 32. Rxg6 Kh7 33. Rg5 Kh6 34.
Bc1 f4 35. h4 Bf6 36. Rf5 Bg7 37. Rb6+ 1-0

[Event "AUTO-ADV-1276"]
[Site "http://www.queenalice.com/game.php?id=565967"]
[Date "2009.4.3"]
[Round "1"]
[White "MsDayton"]
[Black "Pimenta"]
[Result "1/2-1/2"]
[WhiteElo "1796"]
[BlackElo "1730"]

1. e4 Nf6 2. e5 Nd5 3. c4 Nb6 4. d4 d6 5. f4 e6 6. Nf3 d5 7. c5 N6d7 8. Bd3 Nc6
9. O-O Be7 10. Qc2 Nb4 11. Qd2 Nxd3 12. Qxd3 h6 13. Nc3 O-O 14. a3 c6 15. Ne2 b6
16. b4 a5 17. Bd2 Ba6 18. Qe3 axb4 19. axb4 bxc5 20. bxc5 Bc4 21. Ba5 Rxa5 22.
Nd2 Rxa1 23. Rxa1 Bxe2 24. Qxe2 f6 25. h3 fxe5 26. fxe5 Bg5 27. Nf3 Bf4 28. Ra6
Qc7 29. Ra3 Qb7 30. Ra1 Qb4 31. Qd3 Nxc5 32. dxc5 Qxc5+ 33. Kh1 Qf2 34. Nd4 Qg3
35. Qxg3 Bxg3 36. Nxc6 Kh7 37. Rd1 Rf5 38. Kg1 Bxe5 39. g4 Rg5 40. Re1 Bf6 41.
Rxe6 h5 42. Kh2 hxg4 43. hxg4 Rxg4 44. Ne5 Bxe5+ 45. Rxe5 Rd4 46. Kg3 Kh6 47.
Kf3 g5 48. Re6+ Kh5 49. Ke3 Re4+ 50. Rxe4 dxe4 51. Kxe4 g4 52. Ke3 Kh4 53. Kf2
Kh3 54. Kg1 g3 55. Kh1 g2+ 56. Kg1 1/2-1/2

[Event "Challenge"]
[Site "http://www.queenalice.com/game.php?id=576157"]
[Date "2009.4.22"]
[Round "-"]
[White "Pimenta"]
[Black "Dinhobergha"]
[Result "0-1"]
[WhiteElo "1759"]
[BlackElo "1730"]

1. g3 d5 2. Bg2 Nf6 3. d3 h6 4. Nf3 Nc6 5. O-O e6 6. Nc3 a6 7. Re1 Bb4 8. Bd2
O-O 9. e4 Re8 10. e5 Nd7 11. d4 f6 12. exf6 Nxf6 13. Ne2 Bxd2 14. Nxd2 e5 15. c3
b5 16. Qb3 Kh8 17. Qc2 e4 18. Nf4 Bf5 19. Nb3 Ng4 20. Qd1 e3 21. f3 Nf2 0-1

[Event "Spirit Awakening "]
[Site "http://www.queenalice.com/game.php?id=637907"]
[Date "2009.8.17"]
[Round "-"]
[White "Pimenta"]
[Black "grega"]
[Result "1-0"]
[WhiteElo "1756"]
[BlackElo "1848"]

1. e4 e5 2. Nf3 d6 3. d4 exd4 4. Bc4 h6 5. Nxd4 c5 6. Qf3 Nf6 7. Nf5 Bxf5 8.
Qxf5 Be7 9. O-O Nbd7 10. Nc3 Nb6 11. Bb3 O-O 12. Rd1 Qc7 13. Nd5 Nbxd5 14. exd5
b5 15. c4 a6 16. Re1 Nh7 17. Bc2 g6 18. Qh3 Kg7 19. Bxh6+ Kg8 20. Bxg6 Rfe8 21.
Bxh7+ Kxh7 22. Bd2+ Kg8 23. Bc3 f6 24. Qe6+ Kg7 25. Re3 Rh8 26. Qxe7+ Qxe7 27.
Rxe7+ Kg6 28. Rae1 b4 29. Bd2 Rh5 30. R1e3 Rah8 31. Rg3+ Kf5 32. Rf3+ Kg6 33.
Re6 Rf5 34. Rxf5 Kxf5 35. Rxd6 Ra8 36. Rc6 a5 37. Rxc5 Ra7 38. d6+ Ke6 39. Rc7
Ra8 40. d7 Rd8 41. c5 Kd5 42. h4 Ke6 43. h5 Rxd7 44. Rxd7 Kxd7 45. h6 1-0

[Event "Challenge"]
[Site "http://www.queenalice.com/game.php?id=637911"]
[Date "2009.8.17"]
[Round "-"]
[White "Pimenta"]
[Black "caprone"]
[Result "1-0"]
[WhiteElo "1742"]
[BlackElo "1787"]

1. e4 e5 2. Nf3 d6 3. d4 Bg4 4. dxe5 Bxf3 5. Qxf3 dxe5 6. Bc4 Qd7 7. Nc3 c6 8.
Be3 b5 9. Rd1 Qc7 10. Bxf7+ Qxf7 11. Rd8+ Ke7 12. Bc5+ Kxd8 13. Qxf7 Bxc5 14.
Qxg7 Nd7 15. Qxh8 Nf6 16. Qg7 a6 17. O-O Ra7 18. Rd1+ Kc8 19. Qg5 Bd4 20. Qf5+
Rd7 21. Ne2 Bxf2+ 22. Kxf2 Kc7 23. Qxe5+ Kc8 24. Qe6 Nxe4+ 25. Ke1 Nef6 26. Rxd7
1-0

[Event "Challenge"]
[Site "http://www.queenalice.com/game.php?id=637931"]
[Date "2009.8.17"]
[Round "-"]
[White "Pimenta"]
[Black "bobi999"]
[Result "1-0"]
[WhiteElo "1742"]
[BlackElo "1699"]

1. d4 d5 2. c4 e6 3. Nc3 Nf6 4. Nf3 h6 5. Qc2 Nc6 6. e4 dxe4 7. Nxe4 Nxd4 8.
Nxf6+ Qxf6 9. Nxd4 Qxd4 10. Be3 Bb4+ 11. Bd2 Bxd2+ 12. Qxd2 1-0

[Event "AUTO-ADV-1442"]
[Site "http://www.queenalice.com/game.php?id=637989"]
[Date "2009.8.17"]
[Round "1"]
[White "erivaldoadao"]
[Black "Pimenta"]
[Result "1-0"]
[WhiteElo "1857"]
[BlackElo "1776"]

1. e4 Nf6 2. e5 Nd5 3. c4 Nb6 4. Nf3 d6 5. d4 dxe5 6. Nxe5 Nc6 7. Nxc6 bxc6 8.
Be2 e6 9. O-O Be7 10. b3 Bf6 11. Be3 O-O 12. a4 c5 13. Na3 Bb7 14. Rb1 cxd4 15.
Bf4 a6 16. a5 Bg5 17. Bxg5 Qxg5 18. Bf3 Bxf3 19. Qxf3 Nd7 20. Nc2 Ne5 21. Qe4 d3
22. Ne3 d2 23. Rbd1 Rad8 24. f4 Qg6 25. Qxe5 Qd3 26. f5 f6 27. Qg3 Rd4 28. fxe6
Re4 29. Nf5 Qxg3 30. Nxg3 Rxe6 31. Rxd2 Rfe8 32. Rd7 g6 33. Rxc7 f5 34. b4 Rb8
35. Rb1 Rd8 36. b5 axb5 37. cxb5 Rd2 38. b6 1-0

[Event "AUTO-ADV-1442"]
[Site "http://www.queenalice.com/game.php?id=637990"]
[Date "2009.8.17"]
[Round "1"]
[White "Pimenta"]
[Black "erivaldoadao"]
[Result "0-1"]
[WhiteElo "1753"]
[BlackElo "2105"]

1. Nf3 Nf6 2. d4 e6 3. Bg5 Be7 4. Nc3 O-O 5. e4 d6 6. Bd3 a6 7. O-O Nfd7 8. Bf4
b5 9. Re1 Bb7 10. Qd2 Nc6 11. a3 e5 12. dxe5 dxe5 13. Be3 b4 14. Nd5 Bd6 15.
axb4 Nf6 16. b5 axb5 17. Rxa8 Qxa8 18. Bh6 Nd4 19. Nxf6+ gxf6 20. Bxf8 Qxf8 21.
Nxd4 exd4 22. e5 fxe5 23. Qg5+ Qg7 24. Qxg7+ Kxg7 25. Bxb5 f6 26. Ra1 Kg6 27.
Ra7 Bd5 28. Ra5 c5 29. Ra6 Bf8 30. Bc6 Bxc6 31. Rxc6 e4 32. Kf1 Kf5 33. Ke2 Ke5
34. f3 f5 35. fxe4 fxe4 36. h3 Bd6 37. g4 Kd5 38. Rc8 c4 39. Kd2 Bf4+ 40. Ke2
d3+ 41. cxd3 cxd3+ 42. Kd1 Kd4 43. b4 e3 44. Rd8+ Kc3 0-1

[Event "AUTO-ADV-1442"]
[Site "http://www.queenalice.com/game.php?id=638003"]
[Date "2009.8.17"]
[Round "1"]
[White "Pimenta"]
[Black "FreitasPC"]
[Result "1-0"]
[WhiteElo "1763"]
[BlackElo "1763"]

1. d4 d5 2. c4 c6 3. Nc3 Nf6 4. Qc2 e6 5. Nf3 Be7 6. e4 O-O 7. Bd3 Nbd7 8. e5
dxc4 9. Bxc4 Nb6 10. Ng5 h6 11. exf6 hxg5 12. fxe7 Qxe7 13. Bd3 Nd5 14. Nxd5
exd5+ 15. Be3 f5 16. O-O Be6 17. Qe2 Rfe8 18. Qh5 g6 19. Qxg6+ Qg7 20. Bxf5 Bxf5
21. Qxf5 g4 22. Bf4 Rf8 23. Qe6+ Rf7 24. Be5 Qg6 25. Qxg6+ Kf8 26. Rfe1 1-0

[Event "AUTO-ADV-1442"]
[Site "http://www.queenalice.com/game.php?id=638004"]
[Date "2009.8.17"]
[Round "1"]
[White "FreitasPC"]
[Black "Pimenta"]
[Result "1-0"]
[WhiteElo "1710"]
[BlackElo "1760"]

1. e4 Nf6 2. Nc3 e5 3. Nf3 Nc6 4. d3 d5 5. Bg5 Bb4 6. Bd2 O-O 7. exd5 Bxc3 8.
Bxc3 Nxd5 9. Bd2 Re8 10. Be2 Nf4 11. Bxf4 exf4 12. O-O Qf6 13. Re1 Nd4 14. Nxd4
Qxd4 15. Bf3 Be6 16. b3 c6 17. Re4 Qc3 18. Rxf4 Rad8 19. Be4 Qe5 20. Qe1 Qxf4
21. g3 Qe5 22. Bxh7+ 1-0

[Event "AUTO-ADV-1442"]
[Site "http://www.queenalice.com/game.php?id=638005"]
[Date "2009.8.17"]
[Round "1"]
[White "Pimenta"]
[Black "Clauceri"]
[Result "0-1"]
[WhiteElo "1779"]
[BlackElo "1797"]

1. e4 e5 2. Bc4 Nf6 3. Nc3 Nxe4 4. Bxf7+ Kxf7 5. Nxe4 Be7 6. Qh5+ g6 7. Qxe5 d6
8. Qf4+ Kg7 9. d4 h6 10. Nf3 Qf8 11. Qg3 Bf5 12. Qf4 Nc6 13. c3 Re8 14. Nfd2 Bg5
15. Qf3 Bxd2+ 16. Bxd2 Rxe4+ 17. Be3 Qe7 18. O-O Bg4 19. Qg3 Nd8 20. d5 Nf7 21.
Bd4+ Kh7 22. Bxh8 Kxh8 23. f3 Re2 24. Qxg4 Ne5 25. Qc8+ Kg7 26. Qxb7 Nd3 27.
Qxa7 Ne5 28. Qd4 Qg5 29. Rf2 Kh7 30. Kf1 Rxf2+ 31. Qxf2 Qf4 32. Qa7 Qc4+ 33. Kg1
h5 34. f4 Nd3 35. Rd1 Nxf4 36. Qf2 Ne2+ 37. Kh1 h4 38. Qf7+ Kh6 39. Rf1 Qe4 40.
Qxc7 h3 41. Rf3 Qb1+ 0-1

[Event "AUTO-ADV-1442"]
[Site "http://www.queenalice.com/game.php?id=638006"]
[Date "2009.8.17"]
[Round "1"]
[White "Clauceri"]
[Black "Pimenta"]
[Result "1-0"]
[WhiteElo "1877"]
[BlackElo "1764"]

1. d4 Nf6 2. c4 g6 3. Nc3 Bg7 4. e4 d6 5. Nf3 O-O 6. Be2 Nbd7 7. Bg5 e5 8. O-O
exd4 9. Nxd4 Ne5 10. f4 Ned7 11. f5 c5 12. Ndb5 Qb6 13. Qxd6 Qxd6 14. Nxd6 Ne8
15. Nxc8 Rxc8 16. Be7 Nef6 17. Bxf8 Kxf8 18. Rad1 Re8 19. Bf3 Ne5 20. b3 Nxf3+
21. gxf3 b6 22. Nb5 Ng8 23. fxg6 hxg6 24. Nxa7 Bd4+ 25. Rxd4 cxd4 26. Nc6 Ra8
27. Rf2 Ne7 28. Nxd4 Rd8 29. Nb5 Rd1+ 30. Kg2 Ra1 31. Rd2 Nc6 32. Nc3 Ne5 33.
Rd1 Rxd1 34. Nxd1 Ke7 35. Kf2 Kd6 36. Ke3 Ke6 37. Nc3 Kd6 38. h3 Kc5 39. Nd5 Kc6
40. f4 Nd7 41. b4 b5 42. c5 Nb8 43. Kd4 Na6 44. a3 Nc7 45. Nxc7 1-0

[Event "WereWolf"]
[Site "http://www.queenalice.com/game.php?id=652466"]
[Date "2009.9.14"]
[Round "-"]
[White "grega"]
[Black "Pimenta"]
[Result "1-0"]
[WhiteElo "1821"]
[BlackElo "1751"]

1. e4 Nf6 2. e5 Nd5 3. c4 Nb6 4. d4 d6 5. exd6 exd6 6. Nc3 Nc6 7. d5 Ne7 8. Nf3
Bg4 9. Be2 Bxf3 10. gxf3 Ng6 11. Qd4 Ne5 12. Be3 Nbxc4 13. b3 1-0